Southeast Asian nautical maps

Bibliographic Details
Published in:The history of cartography, J.B. Harley and David Woodward, Chicago [etc.], p. 741-827 (2)
Main Author: Schwartzberg, Joseph E.
Content type: Article
Published: 1994
Source:MPIPL_cat
_version_ 1863687006601609217
author Schwartzberg, Joseph E.
author_facet Schwartzberg, Joseph E.
author_search Schwartzberg, Joseph E.
author_sort Schwartzberg, Joseph E.
author_variant j e s je jes
collection_details MPIPL
container_reference p. 741-827
container_start_page 741
container_title Cartography in the traditional East and Southeast Asian societies. vol. 2. 2
dedup_id_str MPIPL_cat.PL0063310
dewey-hierarchy 0/[Unassigned]/
dewey-hierarchy_str 0/[Unassigned]/
first_indexed 2026-03-14T00:40:12Z
format 0/Artikel/
format_str 0/Artikel/
fullrecord <?xml version="1.0" encoding="UTF-8"?> <collection xmlns:xsi="http://www.w3.org/2001/XMLSchema-instance" xsi:schemaLocation="http://www.loc.gov/MARC21/slim http://www.loc.gov/standards/marcxml/schema/MARC21slim.xsd" xmlns="http://www.loc.gov/MARC21/slim"> <record> <leader>00000naa a2200000 u 4500</leader> <controlfield tag="001">PL0063310</controlfield> <controlfield tag="003">PLI01000000000000000061538</controlfield> <controlfield tag="005">00000000000000.0</controlfield> <controlfield tag="008"> ||| u </controlfield> <datafield tag="100" ind1="1" ind2=" "> <subfield code="a">Schwartzberg, Joseph E.</subfield> </datafield> <datafield tag="245" ind1="0" ind2="0"> <subfield code="a">Southeast Asian nautical maps</subfield> <subfield code="c">Joseph E. Schwartzberg</subfield> </datafield> <datafield tag="260" ind1=" " ind2=" "> <subfield code="c">1994</subfield> </datafield> <datafield tag="952" ind1=" " ind2=" "> <subfield code="h">p. 741-827</subfield> </datafield> <datafield tag="996" ind1=" " ind2=" "> <subfield code="a">Aufsatz</subfield> </datafield> <datafield tag="997" ind1=" " ind2=" "> <subfield code="a">book chapter</subfield> </datafield> <datafield tag="773" ind1="0" ind2="8"> <subfield code="t">The history of cartography</subfield> <subfield code="a">J.B. Harley and David Woodward</subfield> <subfield code="k">2</subfield> <subfield code="d">Chicago [etc.]</subfield> <subfield code="g">p. 741-827</subfield> <subfield code="w">MPIPL_cat.PL0063291</subfield> <subfield code="z">0-226-31637-8</subfield> <subfield code="i">In:</subfield> </datafield> </record> </collection>
hierarchy_parent_id MPIPL_cat.PL0063291
hierarchy_parent_title Cartography in the traditional East and Southeast Asian societies. vol. 2. 2
id MPIPL_cat.PL0063310
illustrated Not Illustrated
institution MPIPL_cat
institution_str MPIPL_cat
isbn 9780226316376
0-226-31637-8
language und
language_str und
last_indexed 2026-04-27T23:41:43Z
local_fields Aufsatz
online false
online_MPIPL_cat false
online_str false
publishDate 1994
publishDate_str 1994
record_format marc
spelling Schwartzberg, Joseph E.
Southeast Asian nautical maps
Joseph E. Schwartzberg
1994
The history of cartography
J.B. Harley and David Woodward
2
Chicago [etc.]
p. 741-827
0-226-31637-8
In
spellingShingle Schwartzberg, Joseph E.
Southeast Asian nautical maps
title Southeast Asian nautical maps
title_full Southeast Asian nautical maps Joseph E. Schwartzberg
title_fullStr Southeast Asian nautical maps Joseph E. Schwartzberg
title_full_unstemmed Southeast Asian nautical maps Joseph E. Schwartzberg
title_search Southeast Asian nautical maps
title_short Southeast Asian nautical maps
title_sort southeast asian nautical maps joseph e schwartzberg